Financial stability of the Czech insurance business

Český poistný trh. Finančná stabilita českých poisťovacích spoločností. Ich solventnosť. Vlastný majetok týchto spoločností.

Gespeichert in:
Bibliographische Detailangaben
1. Verfasser: Rybyšarová, Marcela
Weitere Verfasser: Lelek, Tomáš
Format: Buchkapitel
Sprache:Englisch
Schlagworte:
Tags: Tag hinzufügen
Keine Tags, Fügen Sie das erste Tag hinzu!

MARC

LEADER 00000naa$a2200000$$$4500
001 0092667
005 20231107072731.6
041 0 |a eng 
044 |a CZ 
245 1 0 |a Financial stability of the Czech insurance business  |c Marcela Rybyšarová, Tomáš Lelek 
520 |a Český poistný trh. Finančná stabilita českých poisťovacích spoločností. Ich solventnosť. Vlastný majetok týchto spoločností. 
610 2 0 |a solventnosť 
610 2 0 |a poisťovne 
610 2 0 |a stabilita finančná 
610 2 0 |a trh poistný 
610 2 0 |a Česko 
100 1 |a Rybyšarová, Marcela 
700 1 |a Lelek, Tomáš